Statistics for Star Wars protagonists

Click here to take the quiz!

General Stats

  • This quiz has been taken 30 times
    (16 since last reset)
  • The average score is 27 of 28

Answer Stats

RoleMovie AppearancesAnswer% Correct
Pod RacerAnakin
100%
Jedi KnightII and IIIAnakin
100%
Co-pilot/smugglerChewbacca
100%
TroopChewbacca
100%
Co-pilot/TroopChewbacca
100%
Co-pilotChewbacca
100%
StromTrooperFinn
100%
Pilot/TroopHan
100%
TroopHan
100%
PilotHan
100%
Pilot/SmugglerHan
100%
GeneralLeia
100%
Ambassadress from AlderaanLeia
100%
Slave/TroopLeia
100%
PadawanVLuke
100%
FarmerIVLuke
100%
Jedi KnightVILuke
100%
Jedi KnightObi Wan
100%
Jedi MasterObi wan
100%
Jedi MasterObi Wan
100%
Political Party leaderPadme
100%
QueenPadme
100%
ScavengerVIIRey
100%
Best Pilot In The GalaxyPoe
93%
Jedi MasterIQui Gon Jinn
93%
Head of loud CityLando
86%
Jabba Guard/PilotLando
86%
Helps Troops Find Cover And ArmyWicket
57%

Score Distribution

Percentile by Number Answered

Percent of People with Each Score

Your Score History

You have not taken this quiz since the last reset